| 000 | 00554nam a2200241Ia 4500 | ||
|---|---|---|---|
| 003 | IT-RoPAU | ||
| 005 | 20220918175720.0 | ||
| 008 | 120407s9999 xx 000 0 und d | ||
| 040 | _aIT-RoPAU | ||
| 040 | _cIT-RoPAU | ||
| 041 | _aita | ||
| 100 |
_aGino Stefani _935467 |
||
| 245 | _aMusica con coscienza | ||
| 250 | _aCinisello Balsamo | ||
| 260 | _aEdizioni Paoline | ||
| 260 | _c1989 | ||
| 300 | _a160 p. | ||
| 300 | _c21 cm | ||
| 490 | _aRicerche sulla comunicazione sociale SPICS | ||
| 490 | _v1 | ||
| 942 |
_cBK _2ddc |
||
| 999 |
_c26534 _d26534 |
||